00903cam a2200241 a 4500001000800000005001700008008004100025020001600066040001800082082002100100100002100121245011800142260004300260300002400303500003700327500011200364500002000476650003100496650002200527942000600549952009300555999001300648432934220240229022154.0880801m19899999enk b 001 0 eng  a041501171X  aDLCcDLCdDLC00a322/.1219bDAV.1 aNicholls, David,10aDeity and domination :cDavid Nicholls /bImages of God and the state in the Nineteenth and Twentieth Centuries . aLondon ;aNew York :bRoutledge,c1989 a(v. 1), xi, 321 p., aSpine title: Deity & domination. a"Expanded version of the first series of Hulsean lectures ... Cambridge University in 1985"--V. 1, p. xiii. aIncludes index. 0aChristianity and politics. 0aChurch and state. cL 001040708LaWERCLbWERCLd2024-02-29l0o322/.1 DAV.p3973r2024-02-29w2024-02-29yL c515d515